000 01098cab a2200301 4500
001 ABS55046
008 090401t1996 xxu||||| |||| 00| 0 eng d
035 _a(Sirsi) u13794
041 _aeng
100 _aWard, C.
245 _aGuardians of the flame
260 _c1996
350 _a0
490 _aPlanning Week
_v4(17) 25 April 1996, 11(1)
520 _aConsiders the duties local authorities have as `energy conservation authorities` under the Home Energy Conservation Act 1995, and the effect these responsibilities will have on the granting of planning permission for new homes and the provision of services and utilities to existing homes.
650 _aDOMESTIC ENERGY
650 _aENERGY CONSERVATION AUTHORITIES
650 _aENERGY EFFICIENCY
650 _aGAS ACT 1995
650 _aHOME ENERGY CONSERVATION ACT 1995
650 _aLOCAL AUTHORITIES
650 _aLOCAL GOVERNMENT AND HOUSING ACT 1989
650 _aNEW HOUSES
690 _aENVIRONMENTAL AND LAND CONSULTANCY-ENERGY
690 _aPLANNING LAW AND PRACTICE
942 _n0
948 _c04/03/1997
999 _c8891
_d8891